Unix dla każdego / (Rekord nr 39435)
| 000 -ETYKIETA REKORDU | |
|---|---|
| podpole kontrolne o stałej długości | 00732nam a2200253 i 4500 |
| 001 - NUMER KONTROLNY REKORDU | |
| pole kontrolne | bg |
| 020 ## - MIĘDZYNARODOWY ZNORMALIZOWANY NUMER KSIĄŻKI - ISBN | |
| ISBN | 8371971583 |
| 040 ## - ŹRÓDŁO KATALOGOWANIA | |
| Instytucja, która utworzyła rekord | BPK |
| 041 1# - KOD JĘZYKA | |
| Kod języka tekstu | pl |
| Kod języka streszczenia lub abstraktu | en |
| 080 ## - UNIWERSALNA KLASYFIKACJA DZIESIĘTNA - UKD | |
| UKD | 004.451(07)Unix |
| 920 ## - Międzynarodowy znormalizowany numer książki – ISBN | |
| ISBN | 83-7197-158-3 |
| 008 - POLE O STAŁEJ DŁUGOŚCI - DANE KONTROLNE | |
| podpole kontrolne o stałej długości | s pl f |000 0 pol |
| 100 1# - NAZWA OSOBOWA | |
| Nazwa osobowa | ARMSTRONG, James C. |
| 245 10 - TYTUŁ/ODPOWIEDZIALNOŚĆ | |
| Tytuł | Unix dla każdego / |
| Pozostałe elementy strefy tytułu i oznaczenia odpowiedzialności | James C. Armstrong, Dave Taylor ; [tł. Krzysztof Olesiejuk, Robert Gemza. |
| 246 ## - WARIANT TYTUŁU | |
| Treść wyrażenia wprowadzającego | Tyt. oryg.: |
| Tytuł | Teach yourself UNIX in 24 hours |
| 260 ## - STREFA ADRESU WYDAWNICZEGO | |
| Miejsce wydania | Gliwice : |
| Nazwa wydawcy/dystrybutora | "Helion", |
| Data publikacji, dystrybucji/powstania dokumentu | 2000. |
| 300 ## - STREFA OPISU FIZYCZNEGO | |
| Objętość | 504 s. ; |
| Rozmiary | 24 cm. |
| 500 ## - UWAGI OGÓLNE | |
| Tekst uwagi | Tyt. oryg.: "Teach yourself UNIX in 24 hours", 1999. |
| 504 ## - UWAGA DOTYCZĄCA BIBLIOGRAFII | |
| Informacje o bibliografii | Indeks. |
| 650 #9 - HASŁO PRZEDMIOTOWE W FORMIE NAZWY OGÓLNEJ LUB JEDNOSTKOWEJ | |
| Nazwa ogólna lub geograficzna | UNIX |
| 655 ## - TERMIN INDEKSOWY - OKREŚLENIE RODZAJU/FORMY DOKUMENTU | |
| Określenie rodzaju/formy dokumentu | Podręczniki |
| 700 1# - HASŁO DODATKOWE - NAZWA OSOBOWA | |
| Nazwa osobowa | TAYLOR, Dave |
| 856 ## - LOKALIZACJA I DOSTĘP DO ELEKTRONICZNYCH DOKUMENTÓW ZDALNYCH | |
| Link (URL) | http://koha.tu.koszalin.pl/cgi-bin/koha/opac-detail.pl?biblionumber=39435 |
| Tekst linku | Katalog online BPK |
| 942 ## - DODATKOWE ELEMENTY (KOHA) | |
| Typ dokumentu | Książka |
| Wycofany | Status egzemplarza | Uszkodzony | Dostępność | Lokalizacja stała | Lokalizacja bieżąca | Miejsce przechowywania | Sygnatura | Kod kreskowy | Typ dokumentu |
|---|---|---|---|---|---|---|---|---|---|
| Dostępny | Biblioteka Politechniki Koszalińskiej | Biblioteka Politechniki Koszalińskiej | Wypożyczalnia BG | 58758 | 01556148 | Książka | |||
| Dostępny | Biblioteka Politechniki Koszalińskiej | Biblioteka Politechniki Koszalińskiej | Wypożyczalnia BG | 58758/L | 02265094 | Książka |
